Flora of Tropical Dry Evergreen Forest in point Calimere (Record no. 307328)
[ view plain ]
| 000 -LEADER | |
|---|---|
| fixed length control field | 00506nam a22001937a 4500 |
| 003 - CONTROL NUMBER IDENTIFIER | |
| control field | OSt |
| 008 - FIXED-LENGTH DATA ELEMENTS--GENERAL INFORMATION | |
| fixed length control field | 141105b xxu||||| |||| 00| 0 eng d |
| 040 ## - CATALOGING SOURCE | |
| Transcribing agency | a |
| 082 ## - DEWEY DECIMAL CLASSIFICATION NUMBER | |
| Classification number | 581.9 |
| Item number | BAL/FL |
| 100 ## - MAIN ENTRY--PERSONAL NAME | |
| Personal name | Balasubramanian.A |
| 245 ## - TITLE STATEMENT | |
| Title | Flora of Tropical Dry Evergreen Forest in point Calimere |
| 260 ## - PUBLICATION, DISTRIBUTION, ETC. (IMPRINT) | |
| Place of publication, distribution, etc. | Nagapatanam |
| Name of publisher, distributor, etc. | Wildlife Warden |
| Date of publication, distribution, etc. | 2010 |
| 300 ## - PHYSICAL DESCRIPTION | |
| Extent | 271p. |
| Dimensions | 24x15cm. |
| 700 ## - ADDED ENTRY--PERSONAL NAME | |
| Personal name | Thirunavukarasu.V |
| 700 ## - ADDED ENTRY--PERSONAL NAME | |
| Personal name | Givinda Rao.M |
| 700 ## - ADDED ENTRY--PERSONAL NAME | |
| Personal name | Rajasekar.R |
| 700 ## - ADDED ENTRY--PERSONAL NAME | |
| Personal name | Revathi.R |
| 942 ## - ADDED ENTRY ELEMENTS (KOHA) | |
| Source of classification or shelving scheme | Dewey Decimal Classification |
| Koha item type | Books (General) |
No items available.
